000 00681nam a2200229Ia 4500
003 GCL
008 140319s9999 xx 000 0 ara d
040 _aGCL /
_cGCL
082 0 4 _a378.17
_bس ع
100 1 _aعبدالمنعم محمد حسين
245 1 0 _aالعلم والطلاب والمدارس /
_cعبدالمنعم محمد حسين
700 1 _aسمبسون، رونالد
700 1 _aان رسون , نورمان
300 _a358 ص
490 _aالالف كتاب الثانى
_v0
650 0 4 _aطرق التدريس
650 0 4 _aالتعليم
650 0 4 _aالتدريس
650 0 4 _aالعلوم
650 0 4 _aالطلاب
942 _2ddc
_cBK
999 _c44297
_d44297